Simon and Schuster's Guide to mammals / (Record no. 10291)
[ view plain ]
| 000 -LEADER | |
|---|---|
| fixed length control field | 00841pam a2200217 a 4500 |
| 020 ## - ISBN | |
| International Standard Book Number | 0671428055 (pbk.) |
| 020 ## - ISBN | |
| International Standard Book Number | 0671454471 (hard) |
| 050 00 - LIBRARY OF CONGRESS CALL NUMBER | |
| Classification Number | QL 703 |
| Item Number | .B64 |
| 100 1# - MAIN ENTRY--Author | |
| Personal name | Boitani, Luigi. |
| 245 10 - TITLE | |
| Title | Simon and Schuster's Guide to mammals / |
| Statement of responsibility, etc | by Luigi Boitani and Stefania Bartoli ; U.S. editor, Sydney Anderson ; [translated from the Italian by Simon Pleasance]. |
| 260 ## - PUBLICATION, DISTRIBUTION, ETC.(IMPRINT) | |
| Place of publication, distribution, etc | New York : |
| Name of publisher, distributor, etc | Simon and Schuster, |
| Date of publication, distribution, etc | c1983. |
| 300 ## - PHYSICAL DESCRIPTION | |
| Extent | 511 p. : |
| 500 ## - GENERALNOTE | |
| General note | Translation of: Mammiferi. |
| 500 ## - GENERALNOTE | |
| General note | Includes index. |
| 700 1# - ADDED ENTRY--PERSONAL AUTHOR | |
| Personal Name | Bartoli, Stefania. |
| 700 1# - ADDED ENTRY--PERSONAL AUTHOR | |
| Personal Name | Anderson, Sydney, |
| 856 41 - URL/ELECTRONIC LOCATION AND ACCESS | |
| Uniform Resource Identifier | <a href="http://www.loc.gov/catdir/samples/simon031/83016222.html">http://www.loc.gov/catdir/samples/simon031/83016222.html</a> |
| 856 42 - URL/ELECTRONIC LOCATION AND ACCESS | |
| Uniform Resource Identifier | <a href="http://www.loc.gov/catdir/description/simon033/83016222.html">http://www.loc.gov/catdir/description/simon033/83016222.html</a> |
| 856 41 - URL/ELECTRONIC LOCATION AND ACCESS | |
| Uniform Resource Identifier | <a href="http://www.loc.gov/catdir/enhancements/fy0631/83016222-t.html">http://www.loc.gov/catdir/enhancements/fy0631/83016222-t.html</a> |
| 942 ## - ADDED ENTRY ELEMENTS(KOHA) | |
| Source of classification or shelving scheme | Library of Congress Classification |
| Koha item type | General circulation |
| Source of classification or shelving scheme | Not for loan | Location (home branch) | Sublocation (holding branch) | Date accessioned | Full call number | Barcode | Nonpublic note | Koha item type |
|---|---|---|---|---|---|---|---|---|
| Library of Congress Classification | Mtito Andei Centre Library | Mtito Andei Centre Library | 03/02/2016 | QL 703 .B64 | 2016/014207 | em | General circulation |